| 000 | 01033cam a2200217 a 4500 | ||
|---|---|---|---|
| 001 | 000005619 | ||
| 005 | 20240503073630.0 | ||
| 008 | 771220s1945 sp 001 d spa d | ||
| 040 |
_aDO-SdBNP _bspa _cBNPHU |
||
| 082 |
_a862.3 _bC419e |
||
| 100 | 1 |
_aCervantes Saavedra, Miguel de, _d1547-1616 _93070 |
|
| 245 | 1 | 0 |
_aEntremeses / _cCervantes ; Edición y notas Miguel Herrero García. |
| 260 |
_aMadrid : _bEspasa-Calpe, _c1945. |
||
| 300 |
_a243 p. ; _c19 cm. |
||
| 490 | 1 |
_aClásicos castellanos _v125 |
|
| 505 | 0 | _aEntremés del juez de los divorcios -- Entremés del Rufián viudo, llamado Trampagos -- Entremés de la elección de los alcaldes de Daganzo -- Entremés de la guarda cuidadosa -- Entremés del Vizcaíno fingido -- Entremés del retablo de las Maravillas -- Entremés de la cueva de Salamanca -- Entremés del viejo celoso. | |
| 650 | 4 |
_aTeatro español _93071 |
|
| 650 | 4 |
_aLiteratura española _ySIGLO XVII _915578 |
|
| 700 | 1 |
_aHerrero García, Miguel, _eed. _915867 |
|
| 830 | 0 |
_aClásicos castellanos ; _v125. _94180 |
|
| 999 |
_c5418 _d5418 |
||